[Event "Young Boys 2005"]
[Site "São José do Rio Preto BRA"]
[Date "2005.02.20"]
[Round "1.1"]
[White "Crosa, Martin"]
[Black "Giaccio, Alfredo"]
[Result "1/2-1/2"]
[WhiteElo "2401"]
[BlackElo "2467"]
[PlyCount "45"]
[EventDate "2005.02.20"]
[EventType "tourn"]
[EventRounds "9"]
[EventCountry "BRA"]
[EventCategory "5"]
[Source "lmi"]
[SourceDate "2005.02.27"]

1. e4 e6 2. d4 d5 3. exd5 exd5 4. Nf3 Nf6 5. Bd3 Be7 6. O-O O-O 7. Bg5 Bg4 8.
Nbd2 Nbd7 9. Re1 Re8 10. c3 c6 11. Qc2 Bh5 12. Ne5 Bg6 13. Nxg6 hxg6 14. Nf3
Nf8 15. Ne5 N8d7 16. Bf4 Nxe5 17. Bxe5 Bd6 18. Bxd6 Qxd6 19. g3 Re7 20. Re2
Rae8 21. Rae1 Rxe2 22. Rxe2 Rxe2 23. Qxe2 1/2-1/2

[Event "Young Boys 2005"]
[Site "São José do Rio Preto BRA"]
[Date "2005.02.20"]
[Round "1.2"]
[White "Marra, Eduardo"]
[Black "Coelho, Luis"]
[Result "1/2-1/2"]
[WhiteElo "2261"]
[BlackElo "2381"]
[PlyCount "129"]
[EventDate "2005.02.20"]
[EventType "tourn"]
[EventRounds "9"]
[EventCountry "BRA"]
[EventCategory "5"]
[Source "lmi"]
[SourceDate "2005.02.27"]

1. e4 e6 2. d4 d5 3. Nc3 Nf6 4. Bg5 dxe4 5. Nxe4 Be7 6. Bxf6 gxf6 7. Nf3 a6 8.
Bc4 b5 9. Bb3 Bb7 10. Qe2 Bd5 11. O-O c6 12. Rac1 Nd7 13. c4 bxc4 14. Bxc4 Qb6
15. Nc3 Qa7 16. Nxd5 cxd5 17. Bb3 Nb6 18. Rc3 Bb4 19. Rc6 Kd7 20. Rfc1 Rac8 21.
Rxc8 Rxc8 22. Rxc8 Nxc8 23. Qd3 Nd6 24. Qxh7 Qc7 25. Qc2 Qxc2 26. Bxc2 Nc4 27.
b3 Nd2 28. Ne1 Bc3 29. Bd3 Nxb3 30. axb3 Bxe1 31. Bxa6 Bc3 32. Kf1 Bxd4 33. f3
f5 34. Bb5+ Kd6 35. Be8 Ke7 36. Bc6 Kd6 37. Bb7 f4 38. Ke2 f5 39. Bc8 Bf6 40.
b4 Ke5 41. Kd3 Bh4 42. b5 Bf2 43. Kc3 Kf6 44. Bb7 Kg5 45. Bc8 Kf6 46. Kd3 e5
47. Ke2 Bg1 48. h4 e4 49. h5 d4 50. h6 d3+ 51. Kd1 Kg6 52. h7 Bd4 53. Kd2 e3+
54. Kxd3 Kxh7 55. Bxf5+ Kg7 56. Be6 Kf6 57. Bb3 Ke5 58. Bd1 Bb6 59. Be2 Kd5 60.
Bf1 Bc5 61. Kc3 Bb6 62. Bc4+ Kc5 63. Be2 Kd5 64. Kd3 Bc5 65. Bd1 1/2-1/2

[Event "Young Boys 2005"]
[Site "São José do Rio Preto BRA"]
[Date "2005.02.20"]
[Round "1.3"]
[White "Oliveira, Silvio"]
[Black "Fier, Alexandr"]
[Result "0-1"]
[WhiteElo "2242"]
[BlackElo "2489"]
[PlyCount "86"]
[EventDate "2005.02.20"]
[EventType "tourn"]
[EventRounds "9"]
[EventCountry "BRA"]
[EventCategory "5"]
[Source "lmi"]
[SourceDate "2005.02.27"]

1. e4 c5 2. Nf3 d6 3. d4 cxd4 4. Nxd4 Nf6 5. Nc3 Nc6 6. Bg5 e6 7. Qd2 a6 8. f3
h6 9. Be3 Be7 10. O-O-O Nxd4 11. Bxd4 b5 12. Kb1 Rb8 13. Qf2 Qa5 14. Bd3 b4 15.
Ne2 e5 16. Be3 Be6 17. b3 d5 18. h3 Qc7 19. g4 a5 20. Ng3 d4 21. Bc1 Nd7 22.
Nf5 Bxf5 23. gxf5 a4 24. Rhg1 Bf6 25. Rg2 Nc5 26. Bc4 Ke7 27. Qe2 Rhc8 28. h4
axb3 29. cxb3 Na4 30. Bb2 Nc3+ 31. Bxc3 bxc3 32. Ba6 Rd8 33. Bc4 Rb4 34. Kc2
Ra8 35. Ra1 Ra3 36. Kd1 Raa4 37. Qd3 Ra3 38. Qe2 Kf8 39. h5 Bg5 40. Qd3 Qc5 41.
Rc2 Qe7 42. Qf1 Rb8 43. Bd5 Bd2 0-1

[Event "Young Boys 2005"]
[Site "São José do Rio Preto BRA"]
[Date "2005.02.21"]
[Round "2.1"]
[White "Giaccio, Alfredo"]
[Black "Di Berardino, Diego Rafael"]
[Result "1-0"]
[WhiteElo "2467"]
[BlackElo "2358"]
[PlyCount "59"]
[EventDate "2005.02.20"]
[EventType "tourn"]
[EventRounds "9"]
[EventCountry "BRA"]
[EventCategory "5"]
[Source "lmi"]
[SourceDate "2005.02.27"]

1. e4 c5 2. Nf3 e6 3. d4 cxd4 4. Nxd4 Nf6 5. Nc3 Nc6 6. Nxc6 bxc6 7. Bd3 d5 8.
O-O Be7 9. Re1 O-O 10. Qf3 d4 11. Nb1 e5 12. Qg3 Nd7 13. Nd2 Bh4 14. Qf3 Bg5
15. Nc4 Bxc1 16. Raxc1 f6 17. c3 c5 18. cxd4 cxd4 19. b4 Nb6 20. Nxb6 Qxb6 21.
Bc4+ Be6 22. Qb3 Bxc4 23. Rxc4 Kh8 24. Rec1 Qb7 25. f3 Rad8 26. Rc5 Rd7 27. Qa4
d3 28. Rb5 d2 29. Rd1 Qc6 30. Rb8 1-0

[Event "Young Boys 2005"]
[Site "São José do Rio Preto BRA"]
[Date "2005.02.21"]
[Round "2.2"]
[White "Bachmann Schiavo, Axel"]
[Black "El Debs, Felipe"]
[Result "1/2-1/2"]
[WhiteElo "2314"]
[BlackElo "2351"]
[PlyCount "28"]
[EventDate "2005.02.20"]
[EventType "tourn"]
[EventRounds "9"]
[EventCountry "BRA"]
[EventCategory "5"]
[Source "lmi"]
[SourceDate "2005.02.27"]

1. e4 c5 2. Nf3 Nc6 3. Nc3 g6 4. d4 cxd4 5. Nxd4 Bg7 6. Be3 Nf6 7. Be2 O-O 8.
Nb3 d6 9. O-O Be6 10. f4 Na5 11. Bd4 Nc6 12. Be3 Na5 13. Bd4 Nc6 14. Be3 Na5
1/2-1/2

[Event "Young Boys 2005"]
[Site "São José do Rio Preto BRA"]
[Date "2005.02.21"]
[Round "2.4"]
[White "Coelho, Luis"]
[Black "Oliveira, Silvio"]
[Result "1-0"]
[WhiteElo "2381"]
[BlackElo "2242"]
[PlyCount "89"]
[EventDate "2005.02.20"]
[EventType "tourn"]
[EventRounds "9"]
[EventCountry "BRA"]
[EventCategory "5"]
[Source "lmi"]
[SourceDate "2005.02.27"]

1. e4 e5 2. Nf3 Nc6 3. Bb5 Nf6 4. d3 d6 5. c3 g6 6. O-O Bg7 7. Nbd2 O-O 8. Re1
Bd7 9. Nf1 Qe8 10. Ne3 Nd4 11. Nxd4 Bxb5 12. Nxb5 Qxb5 13. a4 Qd7 14. Nc4 Rfe8
15. Bg5 d5 16. Bxf6 Bxf6 17. Ne3 dxe4 18. dxe4 Qe6 19. a5 Rad8 20. Qc2 c6 21.
a6 b6 22. Red1 Bg5 23. Qe2 Bxe3 24. Qxe3 Qc4 25. Rd2 c5 26. f3 Qb5 27. Qg5 f6
28. Qe3 Rd7 29. c4 Qc6 30. Rd5 Red8 31. Qd3 Kg7 32. h3 Rd6 33. b3 Qc7 34. Kh2
Qc6 35. Rd1 Rxd5 36. cxd5 Qd6 37. Rc1 f5 38. Kh1 f4 39. Qb5 Rd7 40. Kh2 Kf7 41.
b4 Rc7 42. bxc5 bxc5 43. Qb8 c4 44. Rxc4 Rd7 45. Qh8 1-0

[Event "Young Boys 2005"]
[Site "São José do Rio Preto BRA"]
[Date "2005.02.21"]
[Round "2.5"]
[White "Crosa, Martin"]
[Black "Marra, Eduardo"]
[Result "1-0"]
[WhiteElo "2401"]
[BlackElo "2261"]
[PlyCount "75"]
[EventDate "2005.02.20"]
[EventType "tourn"]
[EventRounds "9"]
[EventCountry "BRA"]
[EventCategory "5"]
[Source "lmi"]
[SourceDate "2005.02.27"]

1. c4 Nf6 2. Nc3 c6 3. e4 d6 4. d4 Nbd7 5. Be2 e5 6. Nf3 Be7 7. O-O O-O 8. Qc2
Re8 9. d5 cxd5 10. cxd5 Nf8 11. Be3 Bd7 12. Rfc1 Ng6 13. h3 h6 14. a4 Nh7 15.
Nb5 a6 16. Na3 Ng5 17. Nc4 Nxf3+ 18. Bxf3 Nh4 19. Qe2 Nxf3+ 20. Qxf3 Rf8 21.
Bb6 Qb8 22. Qa3 Re8 23. Rc3 f5 24. f3 f4 25. Rac1 Bf8 26. Qb4 g5 27. Kf1 h5 28.
Ke2 Kf7 29. Bc7 Qa7 30. Nb6 a5 31. Qb3 Red8 32. Bxd8 Rxd8 33. Rc7 Qa6+ 34. Qb5
Qxb5+ 35. axb5 Ke8 36. Nxd7 Rxd7 37. Rxd7 Kxd7 38. b6 1-0

[Event "Young Boys 2005"]
[Site "São José do Rio Preto BRA"]
[Date "2005.02.21"]
[Round "3.1"]
[White "Marra, Eduardo"]
[Black "Giaccio, Alfredo"]
[Result "0-1"]
[WhiteElo "2261"]
[BlackElo "2467"]
[PlyCount "82"]
[EventDate "2005.02.20"]
[EventType "tourn"]
[EventRounds "9"]
[EventCountry "BRA"]
[EventCategory "5"]
[Source "lmi"]
[SourceDate "2005.02.27"]

1. e4 e6 2. d4 d5 3. Nc3 Bb4 4. Nge2 Nc6 5. a3 Ba5 6. exd5 exd5 7. g3 Bg4 8.
Bg2 Bxc3+ 9. bxc3 Qd7 10. O-O Nge7 11. Qd2 Bh3 12. Bxh3 Qxh3 13. Nf4 Qf5 14. a4
O-O 15. Ba3 Rfe8 16. Bxe7 Rxe7 17. Rfe1 Qd7 18. Rxe7 Nxe7 19. Qe2 Kf8 20. Qe5
Qc6 21. h4 a5 22. Kh2 b6 23. h5 h6 24. Kg1 Qd7 25. Kh2 Qd6 26. Qxd6 cxd6 27.
Kg2 Ke8 28. Kf3 Kd7 29. Ke2 Kc6 30. Kd2 b5 31. axb5+ Kxb5 32. Ng2 g6 33. hxg6
fxg6 34. Ne3 h5 35. Kd3 a4 36. Kd2 a3 37. Kc1 g5 38. Ng2 Kc4 39. f4 Kxc3 40.
Kb1 g4 41. Ka2 Nf5 0-1

[Event "Young Boys 2005"]
[Site "São José do Rio Preto BRA"]
[Date "2005.02.21"]
[Round "3.2"]
[White "Oliveira, Silvio"]
[Black "Crosa, Martin"]
[Result "0-1"]
[WhiteElo "2242"]
[BlackElo "2401"]
[PlyCount "86"]
[EventDate "2005.02.20"]
[EventType "tourn"]
[EventRounds "9"]
[EventCountry "BRA"]
[EventCategory "5"]
[Source "lmi"]
[SourceDate "2005.02.27"]

1. e4 c5 2. Nf3 d6 3. d4 cxd4 4. Nxd4 Nf6 5. Nc3 a6 6. Be3 e5 7. Nb3 Be6 8. f3
Be7 9. Qd2 O-O 10. O-O-O Nbd7 11. g4 Qc7 12. Kb1 Rfc8 13. g5 Nh5 14. Nd5 Bxd5
15. exd5 Nb6 16. Rg1 a5 17. a3 a4 18. Nc5 Nf4 19. Bxf4 Qxc5 20. Be3 Nc4 21.
Bxc4 Qxc4 22. Rg4 Qa6 23. Qd3 b5 24. h4 Rc4 25. Rdg1 g6 26. f4 Qc8 27. Qe2 b4
28. fxe5 Rxg4 29. Qxg4 bxa3 30. Qxc8+ Rxc8 31. Rg4 Rb8 32. Rxa4 Rxb2+ 33. Kc1
dxe5 34. Ra6 Rb8 35. d6 Bxd6 36. c4 Rb3 37. Ba7 Rc3+ 38. Kb1 Bf8 39. Rc6 Rb3+
40. Ka1 Rb7 41. Bb6 Rb8 42. c5 e4 43. Ka2 e3 0-1

[Event "Young Boys 2005"]
[Site "São José do Rio Preto BRA"]
[Date "2005.02.21"]
[Round "3.4"]
[White "El Debs, Felipe"]
[Black "Fier, Alexandr"]
[Result "0-1"]
[WhiteElo "2351"]
[BlackElo "2489"]
[PlyCount "158"]
[EventDate "2005.02.20"]
[EventType "tourn"]
[EventRounds "9"]
[EventCountry "BRA"]
[EventCategory "5"]
[Source "lmi"]
[SourceDate "2005.02.27"]

1. d4 Nf6 2. Nf3 g6 3. c3 Bg7 4. Qc2 O-O 5. e4 d6 6. Be2 Na6 7. O-O c5 8. h3
Qc7 9. e5 Ne8 10. Na3 Bf5 11. Qb3 cxd4 12. Nb5 Qb8 13. exd6 Nxd6 14. Nfxd4 Nc5
15. Qa3 Nxb5 16. Bxb5 Qc8 17. Bg5 Bf6 18. Bxf6 exf6 19. Rfe1 a6 20. Be2 Bd7 21.
Bf3 Qc7 22. Re7 Rae8 23. Rae1 Rxe7 24. Rxe7 Re8 25. Rxe8+ Bxe8 26. c4 Qe5 27.
Qc3 b5 28. cxb5 axb5 29. a3 Na4 30. Qd2 Nb6 31. Be2 Nd5 32. Bf1 Nc7 33. Qc3 Kg7
34. Qb4 Na6 35. Qd2 Nc7 36. b3 Ne6 37. Nxe6+ Qxe6 38. Qb4 Qc6 39. Qd4 Bd7 40.
Be2 h5 41. Bd1 Be6 42. a4 bxa4 43. bxa4 Qc1 44. Qd3 Bf5 45. Qe2 Qc3 46. Qe3 Qa1
47. Qd2 Be6 48. Kh2 Qe5+ 49. f4 Qa1 50. h4 Bc4 51. a5 Ba6 52. Bf3 Qa4 53. Kg3
Qa1 54. Qb4 Qc1 55. Kf2 Qf1+ 56. Ke3 Qd3+ 57. Kf2 Qf1+ 58. Kg3 Qc1 59. Kh2 Qe3
60. Kh3 Qf2 61. Qc3 Qf1 62. Qd2 Qg1 63. Kg3 Qc5 64. Be4 Qa3+ 65. Kh2 Qc5 66. g3
Qa3 67. f5 gxf5 68. Bg2 Qc5 69. Bf3 Kg6 70. Kg2 Qc4 71. Qf2 Qb4 72. Bxh5+ Kg7
73. Qxf5 Bb7+ 74. Kh3 Qe1 75. Bf3 Qf1+ 76. Kg4 Qc4+ 77. Kh5 Bc8 78. Qe4 Qc5+
79. Qd5 Qe3 0-1

[Event "Young Boys 2005"]
[Site "São José do Rio Preto BRA"]
[Date "2005.02.21"]
[Round "3.5"]
[White "Di Berardino, Diego Rafael"]
[Black "Bachmann Schiavo, Axel"]
[Result "1/2-1/2"]
[WhiteElo "2358"]
[BlackElo "2314"]
[PlyCount "69"]
[EventDate "2005.02.20"]
[EventType "tourn"]
[EventRounds "9"]
[EventCountry "BRA"]
[EventCategory "5"]
[Source "lmi"]
[SourceDate "2005.02.27"]

1. e4 d6 2. d4 Nf6 3. Nc3 g6 4. f4 Bg7 5. Nf3 O-O 6. Bd3 Nc6 7. O-O e5 8. fxe5
dxe5 9. d5 Ne7 10. Nxe5 c6 11. Bg5 cxd5 12. Bxf6 Qb6+ 13. Kh1 Bxf6 14. Nxd5
Nxd5 15. Nc4 Qd8 16. exd5 b5 17. Nd2 Bb7 18. c4 bxc4 19. Bxc4 Rc8 20. Qb3 Ba8
21. Rab1 Bg7 22. Qd3 Rc7 23. Nf3 Rd7 24. Rfd1 Qb6 25. Ng5 h6 26. Ne4 Rfd8 27.
Qf3 Kh7 28. b4 Re7 29. Nc5 Qd6 30. a3 Rde8 31. Qg3 Be5 32. Qh4 Bf6 33. Qg3 Be5
34. Qh4 Bf6 35. Qg3 1/2-1/2

[Event "Young Boys 2005"]
[Site "São José do Rio Preto BRA"]
[Date "2005.02.22"]
[Round "4.1"]
[White "Giaccio, Alfredo"]
[Black "Bachmann Schiavo, Axel"]
[Result "1-0"]
[WhiteElo "2467"]
[BlackElo "2314"]
[PlyCount "83"]
[EventDate "2005.02.20"]
[EventType "tourn"]
[EventRounds "9"]
[EventCountry "BRA"]
[EventCategory "5"]
[Source "lmi"]
[SourceDate "2005.02.27"]

1. e4 d6 2. d4 Nf6 3. f3 g6 4. c4 Bg7 5. Nc3 O-O 6. Bg5 c6 7. Qd2 e5 8. d5 Qc7
9. Nge2 Ne8 10. g4 f5 11. gxf5 gxf5 12. exf5 Bxf5 13. Ng3 Bg6 14. Be2 Nf6 15.
h4 Nh5 16. Nxh5 Bxh5 17. O-O-O cxd5 18. Nxd5 Qf7 19. Rdg1 Kh8 20. Bh6 Bxh6 21.
Qxh6 Nc6 22. Rg5 Bg6 23. h5 Bf5 24. Rhg1 Nd4 25. Qxd6 Rae8 26. Bd1 Re6 27. Qa3
Rc8 28. Ne3 Qf6 29. Qxa7 Rb6 30. Nd5 Rxc4+ 31. Kd2 Rxb2+ 32. Ke1 Nxf3+ 33. Bxf3
Rb1+ 34. Bd1 Rxd1+ 35. Kxd1 Bg4+ 36. R5xg4 Qf3+ 37. Ke1 Rxg4 38. Qb8+ Kg7 39.
Qxe5+ Kh6 40. Qe6+ Kg5 41. Rxg4+ Qxg4 42. Qf6+ 1-0

[Event "Young Boys 2005"]
[Site "São José do Rio Preto BRA"]
[Date "2005.02.22"]
[Round "4.2"]
[White "Fier, Alexandr"]
[Black "Di Berardino, Diego Rafael"]
[Result "1-0"]
[WhiteElo "2489"]
[BlackElo "2358"]
[PlyCount "55"]
[EventDate "2005.02.20"]
[EventType "tourn"]
[EventRounds "9"]
[EventCountry "BRA"]
[EventCategory "5"]
[Source "lmi"]
[SourceDate "2005.02.27"]

1. e4 d5 2. exd5 Nf6 3. d4 Bg4 4. Be2 Bxe2 5. Qxe2 Qxd5 6. Nf3 e6 7. O-O Nc6 8.
c3 Bd6 9. Nbd2 O-O-O 10. Nc4 Rhe8 11. Nxd6+ cxd6 12. Be3 Qh5 13. b4 Kb8 14. b5
Na5 15. c4 Rc8 16. Rac1 d5 17. Bf4+ Ka8 18. c5 Nc4 19. b6 e5 20. dxe5 Rxc5 21.
Be3 Rxe5 22. Qd3 Rxe3 23. fxe3 axb6 24. Rb1 Ra5 25. h3 Ra3 26. Qd4 Qg6 27. Ne5
Nxe5 28. Qxb6 1-0

[Event "Young Boys 2005"]
[Site "São José do Rio Preto BRA"]
[Date "2005.02.22"]
[Round "4.3"]
[White "Coelho, Luis"]
[Black "El Debs, Felipe"]
[Result "1-0"]
[WhiteElo "2381"]
[BlackElo "2351"]
[PlyCount "66"]
[EventDate "2005.02.20"]
[EventType "tourn"]
[EventRounds "9"]
[EventCountry "BRA"]
[EventCategory "5"]
[Source "lmi"]
[SourceDate "2005.02.27"]

1. e4 c5 2. Nf3 Nc6 3. d4 cxd4 4. Nxd4 g6 5. c4 Bg7 6. Be3 Nf6 7. Nc3 O-O 8.
Be2 b6 9. O-O Bb7 10. f3 Qb8 11. Qd2 Rd8 12. Ndb5 d6 13. Nd5 Rd7 14. Bg5 Ne8
15. f4 e6 16. Bg4 f5 17. exf5 gxf5 18. Bh5 a6 19. Qe3 exd5 20. Qe6+ Kh8 21.
Qxd7 axb5 22. Bxe8 Qxe8 23. Qxb7 bxc4 24. Rae1 Qc8 25. Qf7 Qg8 26. Qxf5 h6 27.
Bf6 d4 28. Bxg7+ Qxg7 29. Qd5 Rc8 30. Qxc4 Ne7 31. Qe6 Rc2 32. g3 Ng8 33. Qxd6
h5 1-0

[Event "Young Boys 2005"]
[Site "São José do Rio Preto BRA"]
[Date "2005.02.22"]
[Round "4.5"]
[White "Marra, Eduardo"]
[Black "Oliveira, Silvio"]
[Result "0-1"]
[WhiteElo "2261"]
[BlackElo "2242"]
[PlyCount "64"]
[EventDate "2005.02.20"]
[EventType "tourn"]
[EventRounds "9"]
[EventCountry "BRA"]
[EventCategory "5"]
[Source "lmi"]
[SourceDate "2005.02.27"]

1. e4 c6 2. d4 d5 3. e5 Bf5 4. Nc3 e6 5. g4 Bg6 6. Nge2 c5 7. Be3 Nc6 8. dxc5
Nxe5 9. Nf4 Nc6 10. Bg2 Qd7 11. Qe2 O-O-O 12. O-O-O Nf6 13. h4 h5 14. g5 Ng4
15. Nxg6 fxg6 16. Bh3 d4 17. Bf4 Qf7 18. Bg3 Bxc5 19. Ne4 Be7 20. Rd3 Nge5 21.
Rb3 Rd5 22. Re1 Rhd8 23. Kb1 Bb4 24. Rd1 Ba5 25. Bg2 Bc7 26. c4 dxc3 27. Rxd5
exd5 28. Nc5 Qf5+ 29. Ka1 Nd4 30. Qf1 Nc2+ 31. Kb1 Ne3+ 32. Be4 dxe4 0-1

[Event "Young Boys 2005"]
[Site "São José do Rio Preto BRA"]
[Date "2005.02.22"]
[Round "5.1"]
[White "Oliveira, Silvio"]
[Black "Giaccio, Alfredo"]
[Result "0-1"]
[WhiteElo "2242"]
[BlackElo "2467"]
[PlyCount "62"]
[EventDate "2005.02.20"]
[EventType "tourn"]
[EventRounds "9"]
[EventCountry "BRA"]
[EventCategory "5"]
[Source "lmi"]
[SourceDate "2005.02.27"]

1. e4 e6 2. d4 d5 3. Nc3 Bb4 4. e5 c5 5. a3 Bxc3+ 6. bxc3 Qa5 7. Bd2 Qa4 8. Qg4
Kf8 9. Qd1 Nc6 10. Nf3 Nge7 11. Qb1 a6 12. Qb2 Nf5 13. g4 Nfe7 14. h3 h5 15.
Rg1 Rb8 16. Be3 b6 17. Bd3 Bd7 18. Kf1 Be8 19. Ng5 Kg8 20. f4 hxg4 21. hxg4 Na5
22. Kg2 Nc4 23. Qc1 Nxe3+ 24. Qxe3 cxd4 25. Qg3 Bb5 26. Rh1 Rxh1 27. Rxh1 Bxd3
28. Qxd3 Ng6 29. Nxe6 Rc8 30. f5 Rxc3 31. Qf1 Qxc2+ 0-1

[Event "Young Boys 2005"]
[Site "São José do Rio Preto BRA"]
[Date "2005.02.22"]
[Round "5.3"]
[White "El Debs, Felipe"]
[Black "Crosa, Martin"]
[Result "0-1"]
[WhiteElo "2351"]
[BlackElo "2401"]
[PlyCount "66"]
[EventDate "2005.02.20"]
[EventType "tourn"]
[EventRounds "9"]
[EventCountry "BRA"]
[EventCategory "5"]
[Source "lmi"]
[SourceDate "2005.02.27"]

1. d4 e6 2. Nf3 f5 3. g3 Nf6 4. Bg2 d5 5. O-O Bd6 6. c4 c6 7. b3 Qe7 8. a4 a5
9. Ba3 Bb4 10. Ne5 b6 11. Nd3 Na6 12. Nxb4 axb4 13. Bb2 O-O 14. Nd2 Bb7 15. a5
c5 16. cxd5 Nxd5 17. dxc5 Nc3 18. Bxc3 bxc3 19. Bxb7 Qxb7 20. Nb1 Nxc5 21. b4
Ne4 22. f3 bxa5 23. fxe4 axb4 24. Rxa8 Rxa8 25. Qd4 Qxe4 26. Qxe4 fxe4 27. Rc1
Ra1 28. Kf2 Rxb1 29. Rxb1 c2 30. Rxb4 c1=Q 31. Rxe4 Qh1 32. Rh4 h6 33. g4 Qe4
0-1

[Event "Young Boys 2005"]
[Site "São José do Rio Preto BRA"]
[Date "2005.02.22"]
[Round "5.4"]
[White "Di Berardino, Diego Rafael"]
[Black "Coelho, Luis"]
[Result "1-0"]
[WhiteElo "2358"]
[BlackElo "2381"]
[PlyCount "135"]
[EventDate "2005.02.20"]
[EventType "tourn"]
[EventRounds "9"]
[EventCountry "BRA"]
[EventCategory "5"]
[Source "lmi"]
[SourceDate "2005.02.27"]

1. e4 e6 2. d4 d5 3. Nc3 Nf6 4. Bg5 Be7 5. e5 Nfd7 6. Bxe7 Qxe7 7. f4 a6 8. Nf3
Nb6 9. Bd3 c5 10. dxc5 Qxc5 11. Qd2 Bd7 12. Qf2 Qxf2+ 13. Kxf2 Nc6 14. Ne2 Rc8
15. Ned4 Ke7 16. h3 Nxd4 17. Nxd4 Bb5 18. g4 Na4 19. b3 Nc5 20. Ke3 Bxd3 21.
cxd3 Nd7 22. Kd2 g5 23. f5 Nxe5 24. fxe6 Nc6 25. Nxc6+ Rxc6 26. exf7 Kxf7 27.
Rhf1+ Rf6 28. Rxf6+ Kxf6 29. Rf1+ Ke6 30. Rf5 h5 31. Rxg5 hxg4 32. hxg4 d4 33.
Rh5 Rg8 34. Rh4 Kf6 35. a4 Rg5 36. Rh6+ Ke5 37. Rb6 Rxg4 38. Rxb7 Rg2+ 39. Kc1
Rg3 40. Re7+ Kd6 41. Ra7 Rxd3 42. Rxa6+ Kc5 43. Kc2 Rh3 44. Ra5+ Kc6 45. Rg5
Rh2+ 46. Kd3 Rh3+ 47. Kc4 Rc3+ 48. Kb4 Rc1 49. Rg6+ Kd5 50. a5 d3 51. Rg8 Ke4
52. Rd8 Ke3 53. a6 d2 54. Kb5 Rc3 55. Rxd2 Rxb3+ 56. Kc4 Ra3 57. Rd6 Ke4 58.
Kb5 Ke5 59. Rh6 Kd5 60. Kb6 Ra1 61. Kb7 Kc5 62. a7 Rb1+ 63. Kc7 Ra1 64. Rh5+
Kc4 65. Kb7 Rb1+ 66. Ka8 Ra1 67. Rh8 Kc5 68. Kb7 1-0

[Event "Young Boys 2005"]
[Site "São José do Rio Preto BRA"]
[Date "2005.02.22"]
[Round "5.5"]
[White "Bachmann Schiavo, Axel"]
[Black "Fier, Alexandr"]
[Result "1-0"]
[WhiteElo "2314"]
[BlackElo "2489"]
[PlyCount "105"]
[EventDate "2005.02.20"]
[EventType "tourn"]
[EventRounds "9"]
[EventCountry "BRA"]
[EventCategory "5"]
[Source "lmi"]
[SourceDate "2005.02.27"]

1. c4 Nf6 2. Nc3 Nc6 3. g3 e5 4. Bg2 Bb4 5. Nd5 Bc5 6. e3 O-O 7. Ne2 Nxd5 8.
cxd5 Ne7 9. O-O d6 10. d4 exd4 11. Nxd4 Bd7 12. b3 Qc8 13. Re1 Bh3 14. Bf3 Ng6
15. a3 Ne5 16. Be2 Bg4 17. f3 Bh3 18. Bb2 Nd7 19. Qd2 Qd8 20. e4 f5 21. exf5
Bxf5 22. Kg2 Bxd4 23. Qxd4 Qf6 24. Rac1 Rac8 25. Qd2 Qf7 26. Rc4 Nb6 27. Rd4
Rce8 28. a4 Re7 29. a5 Nd7 30. Rc1 Nc5 31. Bd1 Qe8 32. Rc3 b6 33. Ba3 Qc8 34.
g4 Bg6 35. axb6 axb6 36. b4 Nd7 37. Bb2 Ne5 38. h3 Nf7 39. f4 Be4+ 40. Kg3 Rfe8
41. Ba4 c5 42. dxc6 d5 43. b5 Bh1 44. Qc1 Re2 45. Qxh1 Rxb2 46. Qxd5 Rbe2 47.
Bb3 R2e7 48. c7 Re3+ 49. Rxe3 Rxe3+ 50. Kf2 Rxb3 51. Qxb3 Qxc7 52. Qc4 Qb7 53.
Rd8# 1-0

[Event "Young Boys 2005"]
[Site "São José do Rio Preto BRA"]
[Date "2005.02.23"]
[Round "6.1"]
[White "Giaccio, Alfredo"]
[Black "Fier, Alexandr"]
[Result "1-0"]
[WhiteElo "2467"]
[BlackElo "2489"]
[PlyCount "87"]
[EventDate "2005.02.20"]
[EventType "tourn"]
[EventRounds "9"]
[EventCountry "BRA"]
[EventCategory "5"]
[Source "lmi"]
[SourceDate "2005.02.27"]

1. e4 Nf6 2. e5 Nd5 3. d4 d6 4. c4 Nb6 5. exd6 cxd6 6. Nc3 g6 7. Be3 Bg7 8. Rc1
O-O 9. b3 f5 10. d5 f4 11. Bd4 e5 12. dxe6 Bxd4 13. Qxd4 Nc6 14. Qd2 Bxe6 15.
Nf3 Qe7 16. Be2 d5 17. cxd5 Rad8 18. O-O Nxd5 19. Bc4 Nb6 20. Bxe6+ Qxe6 21.
Qe2 Qxe2 22. Nxe2 Rf5 23. h4 h6 24. Kh2 g5 25. Kh3 Ne5 26. Nxe5 Rxe5 27. Ng1
Kg7 28. Nf3 Red5 29. Rfe1 Kg6 30. Ne5+ Kf5 31. Nf7 Rd3+ 32. f3 Rf8 33. Nxh6+
Kg6 34. Re6+ Rf6 35. Rxf6+ Kxf6 36. Ng4+ Kf5 37. h5 Rd2 38. Re1 Nd7 39. Re7 Rd1
40. Kh2 b6 41. b4 b5 42. h6 Nb6 43. h7 Rd8 44. Nh6+ 1-0

[Event "Young Boys 2005"]
[Site "São José do Rio Preto BRA"]
[Date "2005.02.23"]
[Round "6.2"]
[White "Coelho, Luis"]
[Black "Bachmann Schiavo, Axel"]
[Result "1-0"]
[WhiteElo "2381"]
[BlackElo "2314"]
[PlyCount "55"]
[EventDate "2005.02.20"]
[EventType "tourn"]
[EventRounds "9"]
[EventCountry "BRA"]
[EventCategory "5"]
[Source "lmi"]
[SourceDate "2005.02.27"]

1. d4 d5 2. c4 dxc4 3. e4 Nf6 4. e5 Nd5 5. Bxc4 Nb6 6. Bb3 Bf5 7. Nc3 e6 8.
Nge2 Be7 9. Be3 O-O 10. Nf4 Bg5 11. g4 Bg6 12. h4 Bxf4 13. Bxf4 h6 14. h5 Bh7
15. g5 hxg5 16. h6 g6 17. Be3 Nd5 18. Bxd5 exd5 19. Qb3 c6 20. Qxb7 Qb6 21. Qe7
Qd8 22. Qb7 Qb6 23. Qe7 Qd8 24. Qxd8 Rxd8 25. Bxg5 Re8 26. Kd2 Nd7 27. Rac1 Nf8
28. f4 1-0

[Event "Young Boys 2005"]
[Site "São José do Rio Preto BRA"]
[Date "2005.02.23"]
[Round "6.3"]
[White "Crosa, Martin"]
[Black "Di Berardino, Diego Rafael"]
[Result "1-0"]
[WhiteElo "2401"]
[BlackElo "2358"]
[PlyCount "103"]
[EventDate "2005.02.20"]
[EventType "tourn"]
[EventRounds "9"]
[EventCountry "BRA"]
[EventCategory "5"]
[Source "lmi"]
[SourceDate "2005.02.27"]

1. e4 c5 2. c3 Nf6 3. e5 Nd5 4. d4 cxd4 5. Nf3 e6 6. cxd4 b6 7. a3 Ba6 8. Bxa6
Nxa6 9. Nbd2 Be7 10. Ne4 O-O 11. O-O Nac7 12. Qd3 f5 13. exf6 Nxf6 14. Nfg5
Nxe4 15. Nxe4 Nd5 16. Bd2 Qb8 17. Rac1 Qb7 18. Qg3 Kh8 19. h3 Rac8 20. Rxc8
Rxc8 21. Bf4 Nf6 22. Nd6 Bxd6 23. Bxd6 Qe4 24. Be5 Rc6 25. Rd1 Qg6 26. Qxg6
hxg6 27. Rd3 Kg8 28. g4 Nd5 29. Kg2 Rc2 30. Rb3 a5 31. a4 Rc4 32. Ra3 Rc2 33.
Rb3 Rc4 34. Ra3 Rc2 35. h4 Rxb2 36. Ra1 Rc2 37. h5 g5 38. Kf3 Rc4 39. Rb1 Rxa4
40. Rh1 Kh7 41. Rb1 Rb4 42. Rc1 a4 43. Rc8 a3 44. Ra8 Rb3+ 45. Kg2 b5 46. Ra7
Nb6 47. d5 exd5 48. Bd4 Na4 49. Rxd7 Rd3 50. Rxg7+ Kh6 51. Bf6 a2 52. Rg8 1-0